000 01386na a2200373 4500
999 _c7268
_d7268
001 20288
003 MIRAKIL
005 20210406155236.0
008 170117b tu 000 0
035 _a20288
040 _aMilas
_btur
_cTR-AnCHP
041 _atur
082 _aCHP 324.2372
_bK44h 2015
090 _aBROŞÜR 129
100 _aKılıçdaroğlu, Kemal
_cCHP Genel Başkanı
245 _a13 yılın faturası
_bAKP'nin ağır tahribatı
_c[Kemal Kılıçdaroğlu]
246 _aAKP'nin ağır tahribatı
260 _aAnkara
_bCHP
_c2015
300 _a[39 s.]
_c10x7 sm.
440 _aCumhuriyet Halk Partisi yayınları
_pBroşürler
600 _aKılıçdaroğlu, Kemal
_cCHP Genel Başkanı
_xPropaganda ve ideolojiler
600 _aKılıçdaroğlu, Kemal
_xSeçim kampanyaları, 2015
_yİktidar eleştirisi
610 _aCHP
_xPropaganda ve ideolojiler
_yGenel seçimler, 2015
610 _aCHP
_xSeçim kampanyaları, 2015
_yİktidar eleştirisi
610 _aCHP
_xSiyaset ve yönetim
_yKılıçdaroğlu dönemi
651 _aTürkiye
_xSiyaset ve yönetim
_y2015-
740 _aAKP'nin ağır tahribatı
830 _aHerkes için CHP dizisi
830 _aCHP broşürleri
942 _cBKS
999 _d7268